000 00714cam a22002533a 4500
001 8214
003 PGUSA
005 20140828083153.0
008 050601s2005||||xxu|||||s|||||000 | eng d
040 _aPGUSA
_beng
042 _adc
050 4 _aHB
100 1 _aVaknin, Samuel,
_d1961-
245 1 0 _aCapitalistic Musings
_h[electronic resource] /
_cSamuel Vaknin
260 _bProject Gutenberg,
_c2005
506 _aCopyrighted. Read the copyright notice inside this book for details.
516 _aElectronic text
653 _aCapitalism
653 _aEconomics
700 1 _aRangelovska, Lidija
830 0 _aProject Gutenberg
_v8214
856 4 0 _uhttp://www.gutenberg.org/ebooks/8214
942 _cEB
999 _c237514
_d237514